000 00694nam a2200217 i 4500
001 43527
003 ES-MaACL
005 20230906160822.0
007 t|
008 030318s1978 sp a |||| | spa d
100 1 _aCastro Vicente, Miguel de.
_936960
245 1 0 _aElectricidad del automóvil
_b: encendido y accesorios /
_cMiguel de Castro Vicente.
250 _a8ª ed.
260 _aBarcelona :
_bCeac,
_c1978.
300 _a493 p. :
_bil. ;
_c24 cm.
490 1 _aEnciclopedia Ceac del motor y automóvil
650 4 _aAutomóviles-
_xEquipo eléctrico.
_9144295
830 0 _aEnciclopedia Ceac del motor y automóvil
_9182725
852 _aES-MaACL
_jA-9938
999 _c43527
_d43527